| 000 | 00363nam a22001457a 4500 | ||
|---|---|---|---|
| 003 | OSt | ||
| 005 | 20231108062932.0 | ||
| 008 | 231108b |||||||| |||| 00| 0 eng d | ||
| 040 | _csero soft | ||
| 100 | _aKapoor,S.K | ||
| 245 | _aContract-II Along with Sale of Good Act and Partnership Act | ||
| 260 |
_aLucknow _bCLP Lucknow |
||
| 300 | _a399 | ||
| 942 |
_2ddc _c02 |
||
| 999 |
_c57659 _d57659 |
||